00499nam a2200145Ia 4500008004100000024001500041082001800056100002500074245004400099260002500143600002100168650003800189952010900227999001700336250506s9999 xx 000 0 und d a09B-018-BS a004.35072 IRF aIrfan Aqueel Farooqi 0aSentiment Analysis for Facebook SENTAPP aKarachi:bUIT,c2009 aComputer Science aBachelor of Computer Science (BS) 001040708PR-CSaUITUbUITUd2022-07-26l0o004.35072 IRFpBS-578r2025-05-06 11:34:39w2025-05-06yPR c28843d28843